| 000 | 00631nam a22001457a 4500 | ||
|---|---|---|---|
| 020 | _a978-1-84-604124-2 | ||
| 082 |
_a823 _bFRA/M |
||
| 100 | _aFRANKL VIKTOR E | ||
| 245 | _aMAN'S SEARCH FOR MEANING | ||
| 260 |
_aGERMAN _bEBURY PUBLISHERS _c2004 |
||
| 300 | _a155 | ||
| 520 | _aFrankl's Man's Search for Meaning provides a vivid account of an individual's experience as a prisoner in a Nazi concentration camp. The book focuses on love, hope, responsibility, inner freedom, and the beauty to be found in both nature and art as means that help one endure and overcome harrowing experiences. | ||
| 650 | _aCLASSIC WORKS | ||
| 942 | _cBK | ||
| 999 |
_c6813 _d6813 |
||